International Seminar on Land Readjustment and Urban Development (5th:1989 November 6-8:Kuala Lumpur) (Working papers)
| Format: | Book |
|---|
MARC
| LEADER | 00000cam a2200000 7i4500 | ||
|---|---|---|---|
| 001 | 0000006233 | ||
| 005 | 20000214.0 | ||
| 040 | |a INS | ||
| 090 | 0 | 0 | |a S27 |
| 245 | 0 | 0 | |a International Seminar on Land Readjustment and Urban Development (5th:1989 November 6-8:Kuala Lumpur) (Working papers) |
| 999 | |a S000000084 |b BOOK |c Seminar |e Default branch | ||